[Event "ch-NOR"]
[Site "Asker NOR"]
[Date "2000.07.11"]
[Round "5"]
[White "Agdestein,S"]
[Black "Dannevig,O"]
[Result "1-0"]
[WhiteElo "2588"]
[BlackElo "2356"]

1.d4 Nf6 2.Bg5 d5 3.Bxf6 exf6 4.e3 Bd6 5.Nd2 O-O 6.Bd3 c6 7.Qf3 Na6 8.c3 Re8
9.Ne2 Nc7 10.h4 Qd7 11.g3 Qg4 12.Qg2 Qh5 13.Nf4 Bxf4 14.gxf4 Bf5 15.Be2 Qh6
16.Nf1 Be4 17.f3 Bf5 18.h5 Re7 19.Kf2 Ne8 20.Rh2 Nd6 21.Kg1 Rae8 22.Qf2 a6
23.Re1 Kh8 24.Kh1 Kg8 25.b3 b5 26.Rh4 Kh8 27.Bd1 Bd3 28.Be2 Bf5 29.Kg1 Kg8
30.Bd1 Bd3 31.Nh2 Bf5 32.Nf1 Kh8 33.Rh1 Bd3 34.Ng3 g5 35.hxg6 Qxg6 36.Rh4 Bf5
37.Kh2 Qg7 38.Rg1 Qf8 39.Bc2 Rxe3 40.Nxf5 Re2 41.Rxh7+ Kxh7 42.Ne3+ Rxc2
43.Qxc2+ Kh8 44.Rg3 Qh6+ 45.Rh3 Qxh3+ 46.Kxh3 Rxe3 47.f5 Ne4 48.Kg4 Ng5 49.c4 bxc4
50.bxc4 Ra3 51.cxd5 cxd5 52.Qc6 Kg7 53.Qxd5 Nxf3 54.Qxf3  1-0

[Event "29th ch-GRE Team"]
[Site "Athens GRE"]
[Date "2000.07.11"]
[Round "6"]
[White "Tsiamis,K"]
[Black "Koukoufikis,A"]
[Result "1-0"]
[WhiteElo "2158"]
[BlackElo "2188"]

1.d4 Nf6 2.Bg5 g6 3.Bxf6 exf6 4.e3 Bg7 5.g3 d5 6.Bg2 c6 7.c4 dxc4 8.Qc2 O-O
9.Qxc4 Be6 10.Qc2 Na6 11.Ne2 Qd7 12.O-O Rac8 13.Nbc3 Bh3 14.Rfd1 Bxg2 15.Kxg2 f5
16.Rac1 Rfd8 17.Qa4 Bf8 18.a3 h5 19.b4 Nc7 20.Qb3 Qe6 21.Qxe6 fxe6 22.Nf4 Kf7
23.Nd3 Kf6 24.a4 Nd5 25.Nxd5+ cxd5 26.h4 Rc4 27.Rxc4 dxc4 28.Ne5 c3 29.Nd3 Rc8
30.Rc1 Rc4 31.b5 c2 32.Ne1 Rxa4 33.Rxc2 Rb4  1-0

[Event "t-EuCh U18"]
[Site "Balatonlelle HUN"]
[Date "2000.07.14"]
[Round "6"]
[White "Schenk,Andreas"]
[Black "Szeberenyi,A"]
[Result "0-1"]
[WhiteElo "2325"]
[BlackElo "2357"]

1.d4 Nf6 2.Bg5 d5 3.Bxf6 gxf6 4.c4 dxc4 5.e3 Be6 6.Na3 c5 7.Nf3 Qa5+ 8.Qd2 Qxd2+
9.Kxd2 Nc6 10.dxc5 O-O-O+ 11.Kc3 Bg7 12.Nd4 f5 13.Rd1 Nxd4 14.exd4 Rd5 15.Bxc4 Rxc5
16.Kb4 Rc6 17.Rhe1 Rd8 18.d5 Rb6+ 19.Nb5 Bd7 20.Ka5 Ra6+ 21.Kb4 Rb6 22.Ka5 Ra6+
23.Kb4 Bxb5 24.Kxb5 Rb6+ 25.Ka4 Rxb2 26.Re2 Rxe2 27.Bxe2 f4 28.Bh5 Rd6 29.Bxf7 Ra6+
30.Kb3 Rb6+ 31.Kc4 Rb2 32.Kd3 Rxa2 33.Be6+ Kb8 34.d6 Ra6 35.d7 Rd6+ 36.Kc2 Rxd1
37.Kxd1 Kc7 38.Bd5 b6 39.Bc6 Bf6 40.Kc2 e5 41.Be4 h6 42.Bf5 Kd6 43.Kb3 Kc5
44.f3 Kd4 45.g4 fxg3 46.hxg3 Ke3 47.Be4 h5  0-1

[Event "ch-Paris"]
[Site "Paris FRA"]
[Date "2000.07.15"]
[Round "1"]
[White "Walzer,N"]
[Black "Nepeina Leconte,M"]
[Result "0-1"]
[WhiteElo "2117"]
[BlackElo "2289"]

1.d4 d5 2.Bg5 Nf6 3.c4 Ne4 4.Bf4 e6 5.Qc2 c5 6.f3 Nf6 7.cxd5 Nxd5 8.Bxb8 Rxb8
9.e4 Nb4 10.Bb5+ Bd7 11.Qa4 cxd4 12.Na3 Bc5 13.Ne2 Bc6 14.Rd1 d3 15.Bxc6+ bxc6
16.Nf4 Qd4  0-1

[Event "ch-Paris"]
[Site "Paris FRA"]
[Date "2000.07.16"]
[Round "2"]
[White "Hagopian,S"]
[Black "Lukov,V"]
[Result "0-1"]
[WhiteElo "2181"]
[BlackElo "2437"]

1.d4 Nf6 2.Bg5 d5 3.Nc3 e6 4.f3 c5 5.e4 dxe4 6.dxc5 Qa5 7.Bxf6 gxf6 8.Qd4 Nc6
9.Qxe4 Qxc5 10.Bb5 Bd7 11.O-O-O f5 12.Qf4 Qe5 13.Qxe5 Nxe5 14.Bxd7+ Nxd7
15.Nge2 Rg8 16.g3 Bc5 17.f4 Nf6 18.Nb5 Ke7 19.Nbd4 Ng4 20.Rdf1 Rad8 21.c3 h5
22.Rf3 Rd5 23.h3 Nf6 24.Nb3 Bb6 25.c4 Rc8 26.Rc3 Rd7 27.c5 Bd8 28.Rd1 Ne4
29.Rxd7+ Kxd7 30.Rd3+ Ke8 31.Nc3 Nxc5 32.Nxc5 Rxc5 33.b4 Rc4 34.a3 Bf6 35.Kd2 Bxc3+
36.Rxc3 Rxc3 37.Kxc3 h4 38.gxh4 f6 39.Kd4 Kf7 40.a4 Kg6 41.a5 b6 42.a6 Kh5
43.Kc4 e5 44.Kb5 e4 45.Kc6 e3 46.Kb7 e2 47.Kxa7 e1=Q 48.b5  0-1

[Event "ch-Paris"]
[Site "Paris FRA"]
[Date "2000.07.16"]
[Round "2"]
[White "Marcelin,C"]
[Black "Hartereau,P"]
[Result "1/2-1/2"]
[WhiteElo "2433"]
[BlackElo "2184"]

1.d4 Nf6 2.Bg5 c5 3.Bxf6 exf6 4.c3 d5 5.e3 Be6 6.Nd2 Nc6 7.Ne2 f5 8.Nf4 Qd7
9.dxc5 Bxc5 10.Nb3 Be7 11.Nd4 O-O 12.Be2 Rfd8 13.O-O Ne5 14.Qb3 g5 15.Nh5 Rac8
16.f4 Nc4 17.Bxc4 dxc4 18.Qc2 Rc5 19.fxg5 Bxg5 20.Rf3 Kh8 21.Raf1 Re5 22.Qf2 Qe7
23.Rh3 Rg8 24.Nf4 Re4 25.Qe2 Rg7 26.Qh5 Bd7 27.Rg3 Bxf4 28.exf4 Re1 29.Qf3 Rxg3
30.hxg3 Re4 31.Qh5 Qf6 32.Kh2 b5 33.a3 a5 34.Rd1 b4 35.axb4 axb4 36.Nf3 bxc3
37.bxc3 Re7 38.Rd4 Be6 39.Ng5 h6 40.Qh4 Kg7 41.Nxe6+ Qxe6 42.Qh5 Rd7 43.Qd1 Rxd4
44.Qxd4+ Kg6 45.Qd2 Qb6 46.Qe1 Qc5 47.Kh3 Qd5 48.Qe2 Qe4 49.Qf3 Qe1 50.Kh2 Kg7
51.Qd5 Qxc3 52.Qxf5 Qf6 53.Qc5 Qe6 54.g4 Qe4 55.Kg3 Qe1+  1/2-1/2

[Event "Open"]
[Site "Bolzano ITA"]
[Date "2000.07.17"]
[Round "4"]
[White "Mukic,J"]
[Black "Nikolaidis,I"]
[Result "0-1"]
[WhiteElo "2278"]
[BlackElo "2530"]

1.d4 Nf6 2.Bg5 c5 3.d5 d6 4.Nc3 g6 5.e4 Bg7 6.f4 O-O 7.Nf3 Bg4 8.Be2 b5 9.e5 b4
10.exf6 exf6 11.Bh4 bxc3 12.b3 Bh6 13.O-O Bxf4 14.Nd4 Bxe2 15.Nxe2 Bg5 16.Bxg5 fxg5
17.Nxc3 Nd7 18.Qe1 Ne5 19.Qg3 f5 20.Rae1 Qe7 21.Nb5 Rae8 22.Qc3 f4 23.Qa5 f3
24.Re3 fxg2 25.Rxf8+ Rxf8  0-1

[Event "ch-Paris"]
[Site "Paris FRA"]
[Date "2000.07.18"]
[Round "4"]
[White "Mensch,E"]
[Black "Gofshtein,L"]
[Result "1-0"]
[WhiteElo "2302"]
[BlackElo "2561"]

1.d4 Nf6 2.Bg5 c5 3.Nc3 d5 4.Bxf6 gxf6 5.e3 e6 6.Nge2 Nc6 7.g3 Qb6 8.dxc5 Bxc5
9.Bg2 Qxb2 10.O-O Qa3 11.e4 dxe4 12.Nxe4 Be7 13.Nd4 Nxd4 14.Qxd4 e5 15.Qd2 f5
16.Ng5 Qc5 17.Bd5 Bxg5 18.Qxg5 Qxd5 19.Rad1 Qa5 20.Rd6 Qc7 21.Rfd1 Be6 22.Qg7 Rc8
23.Qxh8+ Ke7 24.Qxe5 Qc3 25.Rd7+  1-0

[Event "10th Open"]
[Site "Jyvaskyla FIN"]
[Date "2000.07.19"]
[Round "2"]
[White "Paasikangas Tella,J"]
[Black "Peltola,L"]
[Result "1-0"]
[WhiteElo "2301"]
[BlackElo "2060"]

1.d4 Nf6 2.Bg5 d5 3.Bxf6 exf6 4.e3 Bd6 5.Bd3 Nc6 6.c3 O-O 7.Nd2 Ne7 8.Qh5 g6
9.Qf3 Kg7 10.g4 c5 11.h4 Be6 12.h5 h6 13.hxg6 fxg6 14.Ne2 Qd7 15.Rg1 f5 16.g5 h5
17.Nf4 Bf7 18.dxc5 Bxc5 19.Nb3 Bb6 20.O-O-O d4 21.Bc2 Qc7 22.exd4 Rfd8 23.Rge1 Rd6
24.Rd2 Rc8 25.Rde2 Qd7 26.Rxe7  1-0

[Event "ch-Paris"]
[Site "Paris FRA"]
[Date "2000.07.19"]
[Round "5"]
[White "Large,L"]
[Black "Abarca del Rio,F"]
[Result "1/2-1/2"]
[WhiteElo "2225"]
[BlackElo "2130"]

1.d4 Nf6 2.Bg5 g6 3.Bxf6 exf6 4.e3 Bg7 5.g3 O-O 6.Bg2 d6 7.Ne2 Re8 8.O-O Nd7
9.c4 Nb6 10.Qc2 Bf5 11.e4 Be6 12.Na3 c6 13.Nf4 Qe7 14.Rfe1 Rad8 15.Nxe6 fxe6
16.b4 Nc8 17.Qb3 Qf7 18.f4 e5 19.fxe5 fxe5 20.Rf1 Qe6 21.d5 cxd5 22.cxd5 Qd7
23.Qe3 Nb6 24.Rf2 Rf8 25.Raf1 Rxf2 26.Rxf2 Rf8 27.Rxf8+ Bxf8 28.h4 h5 29.Kh2 Kh7
30.Bh3 Qe8 31.Be6 Bh6 32.Qb3 Qf8 33.Kg2 Bd2 34.Nc2 Qh6 35.Qd3 Bc1 36.Ne1 Qd2+
37.Qxd2 Bxd2 38.Nc2 Na4  1/2-1/2

[Event "10th Open"]
[Site "Jyvaskyla FIN"]
[Date "2000.07.20"]
[Round "4"]
[White "Vager,I"]
[Black "Blechzin,I"]
[Result "0-1"]
[WhiteElo "2174"]
[BlackElo "2381"]

1.d4 Nf6 2.Bg5 g6 3.Nf3 Bg7 4.c3 d6 5.Nbd2 Nbd7 6.e3 h6 7.Bh4 b6 8.Bc4 Bb7
9.O-O g5 10.Bg3 Nh5 11.Ne5 Nxe5 12.Bxe5 dxe5 13.Qxh5 O-O 14.Nf3 exd4 15.exd4 Qd6
16.Rfe1 Qf6 17.Ne5 Rad8 18.f3 Bc8 19.Re3 c5 20.dxc5 bxc5 21.Rae1 Bf5 22.g4 Be6
23.Bxe6 Qxe6 24.h4 Rd5 25.hxg5 Rxe5 26.Rxe5 Bxe5 27.gxh6 Bd4+ 28.Kf1 Qc4+
29.Kg2 Bf6 30.g5 Qd5 31.Re4 Kh8 32.Rg4 Rg8 33.c4 Rxg5  0-1

[Event "15th Open"]
[Site "Avoine FRA"]
[Date "2000.07.22"]
[Round "1"]
[White "Ishii,I"]
[Black "Delaunay,S"]
[Result "1-0"]
[WhiteElo "2056"]
[BlackElo "2214"]

1.d4 Nf6 2.Bg5 g6 3.Bxf6 exf6 4.e3 Bg7 5.c4 f5 6.Nc3 d6 7.g3 c6 8.Bg2 Qb6
9.Qb3 Nd7 10.Nge2 Qa6 11.Qa4 Qxa4 12.Nxa4 Nf6 13.Nac3 Bd7 14.O-O a5 15.b3 Rb8
16.Rac1 Ke7 17.Rfe1 Rhc8 18.Nf4 Kf8 19.h4 Ng8 20.Na4 b5 21.cxb5 Rxb5 22.Rc2 Ne7
23.Rec1 Ra8 24.Nb2 Ra6 25.Bf1  1-0

[Event "15th Open"]
[Site "Avoine FRA"]
[Date "2000.07.24"]
[Round "3"]
[White "Ishii,I"]
[Black "Weemaes,R"]
[Result "0-1"]
[WhiteElo "2056"]
[BlackElo "2295"]

1.d4 Nf6 2.Bg5 c5 3.Bxf6 gxf6 4.d5 b5 5.e4 Qa5+ 6.c3 d6 7.Nf3 Nd7 8.Nbd2 Bg7
9.Be2 f5 10.O-O fxe4 11.Nxe4 Nf6 12.Nxf6+ Bxf6 13.a4 b4 14.Bb5+ Kf8 15.cxb4 Qxb4
16.Rb1 Bf5 17.Rc1 a6 18.Rc4 Qxb2 19.Bc6 Rb8 20.Nh4 Bg6 21.Nxg6+ hxg6 22.Rc2 Qe5
23.g3 Qf5 24.Qe2 Qh3 25.f4 Bd4+ 26.Kh1 Qxg3 27.Qxa6 Kg7 28.Qe2 Rxh2+  0-1

[Event "MTO Open"]
[Site "Biel SUI"]
[Date "2000.07.24"]
[Round "1"]
[White "Hanewinkel,W"]
[Black "Bozinovic,Bog"]
[Result "0-1"]
[WhiteElo "2022"]
[BlackElo "2303"]

1.d4 Nf6 2.Bg5 c5 3.Bxf6 gxf6 4.c3 e6 5.Nd2 cxd4 6.cxd4 Qb6 7.e3 Qxb2 8.Rb1 Qa3
9.Qf3 Bb4 10.Qxf6 Bxd2+ 11.Kxd2 Qxa2+ 12.Kc1 Rg8 13.Bd3 Nc6 14.Bxh7 Qa3+
15.Rb2 Qc3+ 16.Rc2 Qe1+ 17.Kb2 Rxg2 18.Ne2 Qxh1 19.d5 Qxh2 20.dxc6 Qxh7 21.Nd4 bxc6
22.Qf3  0-1

[Event "KB Czech Open"]
[Site "Pardubice CZE"]
[Date "2000.07.24"]
[Round "4"]
[White "Halkias,S"]
[Black "Hagarova,Z"]
[Result "1-0"]
[WhiteElo "2502"]
[BlackElo "2321"]

1.d4 Nf6 2.Bg5 g6 3.Bxf6 exf6 4.e3 d5 5.c4 dxc4 6.Bxc4 Bd6 7.h4 h5 8.Qc2 Kf8
9.Nc3 c6 10.Nge2 b5 11.Bd3 Na6 12.a3 f5 13.d5 b4 14.Bxa6 Bxa6 15.axb4 Bb7
16.Qd2 Be7 17.Nf4 Bxh4 18.d6 Bf6 19.Na4 Bc8 20.Nc5 Bd7 21.Ra5 Kg7 22.O-O h4
23.Rfa1 g5 24.Nh3 a6 25.Rxa6 Rxa6 26.Rxa6 Be5 27.Ra7 Bc8 28.d7 Rh6 29.Nxg5 Bxd7
30.Qxd7  1-0

[Event "Politiken Cup"]
[Site "Copenhagen DEN"]
[Date "2000.07.27"]
[Round "10"]
[White "El Kher,H"]
[Black "Brondum,E"]
[Result "1/2-1/2"]
[WhiteElo "2374"]
[BlackElo "2230"]

1.d4 Nf6 2.Bg5 c5 3.Bxf6 gxf6 4.d5 Qb6 5.Qc1 f5 6.g3 Bg7 7.c3 d6 8.Nd2 Nd7
9.Bg2 Nf6 10.Nh3 O-O 11.O-O e5 12.e3 Bd7 13.Qc2 Qd8 14.a4 Qe7 15.c4 b6 16.f3 Bh6
17.Rfe1 Kh8 18.Nf2 Rg8 19.Nf1 Rab8 20.Kh1 a6 21.Bh3 Rg5 22.f4 Rh5 23.Bg2 e4
24.Nd2 Bg7  1/2-1/2

[Event "World Open"]
[Site "Philadelphia USA"]
[Date "2000.07.28"]
[Round "1"]
[White "Fink,S"]
[Black "Formanek,E"]
[Result "0-1"]
[WhiteElo "2188"]
[BlackElo "2305"]

1.d4 Nf6 2.Bg5 c5 3.d5 Qb6 4.Nc3 Qxb2 5.Bd2 Qb6 6.e4 d6 7.f4 Qd8 8.Bc4 a6
9.a4 g6 10.e5 Nfd7 11.Qe2 dxe5 12.fxe5 Bg7 13.Nf3 O-O 14.O-O Nb6 15.Ba2 Bg4
16.h3 Bxf3 17.Rxf3 c4 18.Raf1 Nxd5 19.Nxd5 Qxd5 20.Bxc4 Qc5+ 21.Be3 Qxe5
22.Rxf7 Rxf7 23.Rxf7 Kh8 24.Qd2 Nc6 25.Kh1 Rd8 26.Bd3 Qe6 27.Rf1 Ne5 28.Bh6 Nxd3
29.cxd3 Bf6 30.Qb4 Qd7 31.Qb3 Qxd3 32.Qxd3 Rxd3 33.Rb1 Rd7 34.Rc1 Kg8 35.g4 g5
36.Rc5 b6 37.Rf5 Rd1+ 38.Kg2 Ra1 39.h4 gxh4 40.Be3 Ra2+ 41.Kh1 h6 42.Bxh6 Rxa4
43.Be3 b5 44.g5 Bd4 45.Bxd4 Rxd4  0-1

[Event "Eikrem mem"]
[Site "Gausdal NOR"]
[Date "2000.08.01"]
[Round "4"]
[White "Davies,N"]
[Black "Holmsten,A"]
[Result "1/2-1/2"]
[WhiteElo "2486"]
[BlackElo "2383"]

1.d4 Nf6 2.Bg5 c5 3.Bxf6 gxf6 4.d5 Qb6 5.Qc1 d6 6.e3 Rg8 7.Ne2 Nd7 8.Ng3 f5
9.Bd3 Bg7 10.Nc3 e6 11.O-O Be5 12.f4 Bh8 13.Kh1 Nf6 14.a4 Bd7 15.a5 Qb4 16.Ra3 c4
17.Be2 exd5 18.Bf3 Be6 19.Nge2 Ne4 20.Bxe4 dxe4 21.Rd1 Rd8 22.Nd4 d5 23.a6 Bxd4
24.Rxd4 b6 25.Ra4 Qe7 26.Qd2 Qh4 27.Ra1 Rg6 28.Rd1 Rh6 29.h3 Qg3 30.Qe2 b5
31.Nxb5 Ke7 32.R4d2 Rg8 33.Nd4 Bd7 34.Ra1 Rgg6 35.Rdd1 Rxa6 36.Qd2 Kf8 37.Rxa6 Rxa6
38.b3 Rg6 39.Ra1 a6 40.bxc4 dxc4 41.Rb1 c3 42.Qe2 Rd6 43.Rb7 h6 44.Kg1 Kg8
45.Qf2 Qxf2+ 46.Kxf2 a5 47.Rc7 a4 48.Rxc3 Ra6 49.Ra3 Kf8 50.c4 Ke7 51.c5 Kd8
52.Ke2 Kc7 53.Kd2 Rg6 54.Kc3 Rxg2 55.c6 Bxc6 56.Nxc6 Kxc6 57.Rxa4 Rh2 58.Ra6+ Kd5
59.Rf6 Rxh3 60.Rxf5+ Ke6 61.Re5+  1/2-1/2

[Event "ch-GBR"]
[Site "Millfield ENG"]
[Date "2000.08.01"]
[Round "2"]
[White "Chandler,M"]
[Black "Knott,S"]
[Result "1-0"]
[WhiteElo "2526"]
[BlackElo "2381"]

1.d4 Nf6 2.Bg5 c5 3.Bxf6 exf6 4.Nc3 cxd4 5.Qxd4 Nc6 6.Qe4+ Be7 7.e3 O-O 8.Bc4 a6
9.Nge2 b5 10.Bb3 Bb7 11.O-O g6 12.Rad1 f5 13.Qd5 d6 14.Nf4 Na5 15.Qd3 Nxb3
16.axb3 Re8 17.Ncd5 Bf8 18.Rfe1 Bg7 19.c3 Be5 20.Ne2 Bg7 21.Ng3 h5 22.Ne2 Rc8
23.Qd2 Rc5 24.Ndf4 Be5 25.Nd3 Rc8 26.Nef4 Bg7 27.Rc1 Re4 28.Nb4 Bh6 29.Red1 Bxf4
30.exf4 Qb6 31.Nc2 Rce8 32.Nd4 b4 33.Re1 Qc5 34.Rxe4 Rxe4 35.Re1 Qd5 36.f3 Rxe1+
37.Qxe1 Kg7 38.Qe7 a5 39.Kf2 Bc8 40.Qc7 Qc5 41.Qxc5 dxc5 42.Nc6 bxc3 43.bxc3 a4
44.bxa4 Bd7 45.Nd8 Bxa4 46.Nb7 c4 47.Nd6 Bb3 48.Ke3 h4 49.Kd4 h3 50.g3 Bd1
51.Nxc4 Bxf3 52.Ke5 Bd1 53.Ne3 Bb3 54.c4 Kf8 55.Kd6 Ke8 56.c5 Kd8 57.Nd5 Bxd5
58.Kxd5 Kd7 59.c6+ Kc7 60.Kc5 f6 61.Kd5 g5 62.Kc5 Kc8 63.Kd6 Kd8 64.Ke6 gxf4
65.gxf4  1-0

[Event "ch-GBR"]
[Site "Millfield ENG"]
[Date "2000.08.04"]
[Round "5"]
[White "Vigus,J"]
[Black "Hodgson,Ju"]
[Result "0-1"]
[WhiteElo "2266"]
[BlackElo "2640"]

1.d4 Nf6 2.Bg5 c5 3.Bxf6 gxf6 4.d5 Qb6 5.Qc1 f5 6.e3 Bg7 7.c3 d6 8.Ne2 Nd7
9.Nf4 Nf6 10.Bc4 Bd7 11.a4 O-O 12.O-O Kh8 13.Re1 Rg8 14.Qc2 Rae8 15.a5 Qd8
16.Qb3 Qc8 17.Qd1 Bh6 18.Na3 Rg4 19.g3 Reg8 20.Be2 Bxf4 21.Bxg4 Bxg3 22.hxg3 Rxg4
23.f3 Rxg3+ 24.Kf2 Qg8 25.Rg1 Nh5 26.b4 f4 27.exf4 cxb4 28.Qd4+ f6 29.cxb4 Bh3
30.Ke2 Bg2 31.a6 bxa6 32.Nc4 Rxf3 33.Ne3 Nxf4+ 34.Kd1 Rf2 35.Ke1 Qg3 36.Nf5 Re2+
37.Kd1 Qb3+ 38.Kc1 Qc2+  0-1

[Event "ch-GBR"]
[Site "Millfield ENG"]
[Date "2000.08.05"]
[Round "6"]
[White "Quek Suan Shiau"]
[Black "Knott,S"]
[Result "0-1"]
[WhiteElo "2261"]
[BlackElo "2381"]

1.d4 Nf6 2.Bg5 c5 3.Bxf6 exf6 4.c3 Qb6 5.Qd2 d5 6.e3 Be6 7.Bd3 Nc6 8.Nf3 c4
9.Be2 Bd6 10.Qc2 Qc7 11.Nbd2 O-O 12.O-O f5 13.g3 b5 14.Nh4 g6 15.Bf3 Rfc8
16.Ng2 b4 17.Rfe1 Qa5 18.Nf4 Rab8 19.Bg2 Rb6 20.h4 Rcb8 21.Reb1 Ne7 22.Ne2 bxc3
23.bxc3 Ba3 24.Rxb6 Rxb6 25.Rb1 Bd7 26.Rxb6 axb6 27.Nb1 Ba4 28.Qd2 Bd6 29.Bf3 Bc6
30.Kf1 b5 31.Qb2 b4 32.cxb4 Bxb4 33.Nec3 h6 34.a3 Bd6 35.Bd1 Kg7 36.Bc2 Ng8
37.Na2 Nf6 38.Nb4 Ba8 39.Nd2 Ne4 40.Nxe4 fxe4 41.Bd1 Bb7 42.Bg4 Qa4 43.Ke1 f5
44.Bd1 Qa5 45.Kf1 Qc7 46.Na2 Bc6 47.Qc3 Qa7 48.Nb4 Qa5 49.Kg2 Kf6 50.Qb2 Bd7
51.f3 Kg7 52.g4 exf3+ 53.Bxf3 fxg4 54.Bd1 Bf5 55.Bc2 Bxc2 56.Qxc2 Bxb4 57.h5 gxh5
58.axb4 Qxb4 59.Qa2 Qe7 60.Qa5 Qf7 61.Qa3 h4  0-1

[Event "A64 Open"]
[Site "Olomouc CZE"]
[Date "2000.08.06"]
[Round "5"]
[White "Karlik,V"]
[Black "Johansson,Ja"]
[Result "1/2-1/2"]
[WhiteElo "2285"]
[BlackElo "2353"]

1.d4 d5 2.Bg5 Nf6 3.e3 c5 4.Bxf6 gxf6 5.c4 dxc4 6.Bxc4 cxd4 7.exd4 Nc6 8.Ne2 Bg7
9.Nbc3 O-O 10.O-O Bf5 11.Bd3 Bg6 12.Bxg6 hxg6 13.d5 Ne5 14.Qb3 Qd7 15.Rfd1 Rfc8
16.Rd4 f5 17.h3 b5 18.Rdd1 Nc4 19.Nd4 a6 20.Rac1 Bxd4 21.Rxd4 Qd6 22.a4 e5
23.Rdd1 Na5 24.Qa2 b4 25.Ne2 Rxc1 26.Nxc1 Rd8 27.Qb1 Nc6 28.Qd3 Ne7 29.Qc4 Nxd5
30.Nb3 Kg7 31.Na5 Rd7 32.Nb3 Qe6 33.Kh2 Nf6 34.Qxe6 fxe6 35.Rc1 Rd6 36.Rc7+ Kh6
37.Ra7 e4 38.Nc5 Rc6 39.Nxa6 b3 40.Nc7 f4 41.Rb7 Rc2 42.Nxe6 Rxf2 43.Rxb3 f3
44.Nf4 Nh5 45.Kg1 Rd2 46.Nxh5 Rxg2+ 47.Kf1 gxh5 48.Re3 Rxb2 49.Rxe4 Kg5 50.h4+ Kf5  1/2-1/2

[Event "TCh-ESP"]
[Site "Barcelona ESP"]
[Date "2000.08.09"]
[Round "5"]
[White "Ferron Garcia,C"]
[Black "Herraiz Lopez,H"]
[Result "0-1"]
[WhiteElo "2283"]
[BlackElo "2415"]

1.d4 Nf6 2.Bg5 d5 3.Bxf6 exf6 4.e3 Bd6 5.Nd2 f5 6.Bd3 c6 7.Qf3 g6 8.O-O-O Be6
9.Ne2 Nd7 10.Nf4 Nf6 11.Kb1 Qe7 12.c4 dxc4 13.Bxc4 Bxc4 14.Nxc4 O-O-O 15.Nxd6+ Rxd6
16.Rc1 Qe4+ 17.Qxe4 fxe4 18.h3 Rf8 19.Ne2 h5 20.Nc3 Re8 21.Rhd1 Kd7 22.Na4 Rd5
23.Rc5 h4 24.Kc2 b6 25.Rxd5+ Nxd5 26.a3 f5 27.Nc3 Nf6 28.Kd2 g5 29.Ke2 Kd6
30.Rc1 f4 31.Kf1 Nd5 32.Nxd5 Kxd5 33.Ke2 Re6 34.b3 Rf6 35.Rd1 a5 36.Rc1 Kd6
37.Rd1 Rf5 38.a4 Kd5 39.Rc1 Rf8 40.Rd1 Rb8 41.Rc1 c5 42.Rd1 c4 43.bxc4+ Kxc4
44.d5 Kb3 45.Kd2 Rd8 46.Rb1+ Kxa4 47.Rxb6 Rxd5+ 48.Ke2 Rb5 49.Re6 f3+ 50.gxf3 Rb2+
51.Ke1 exf3 52.Re8 Rb1+ 53.Kd2 Rf1 54.e4 Rxf2+ 55.Ke3 Rh2 56.Rg8 f2 57.Ke2 Rxh3
58.Kxf2 Rg3 59.e5 Rg4 60.Kf3 Rf4+ 61.Ke3 h3 62.Rxg5 Rh4 63.Rg1 h2 64.Rh1 Kb5
65.Kf3 Kc6 66.Kg3 Rh8 67.Kg2 Kd5 68.Rd1+ Kxe5 69.Kh1 a4 70.Re1+ Kd4 71.Rd1+ Ke3
72.Rc1 Kd2 73.Rc7 Rh3 74.Rb7 Rb3 75.Rh7 a3 76.Rxh2+ Kc1 77.Rh8 a2 78.Kg1 Kb1  0-1

[Event "TCh-ESP"]
[Site "Barcelona ESP"]
[Date "2000.08.09"]
[Round "5"]
[White "Olea Perez,M"]
[Black "Alonso Pascual,F"]
[Result "1/2-1/2"]
[WhiteElo "2201"]
[BlackElo "2264"]

1.d4 Nf6 2.Bg5 d5 3.Bxf6 exf6 4.e3 Bf5 5.Nf3 c6 6.Bd3 Bxd3 7.Qxd3 Bd6 8.Nbd2 O-O
9.O-O Nd7 10.e4 Rc8 11.exd5 cxd5 12.a4 Qc7 13.Qf5 Qc6 14.c4 dxc4 15.Rfc1 g6
16.Qb5 a6 17.Qxc6 Rxc6 18.d5 Rc7 19.Rxc4 Rfc8 20.b3 Nb6 21.Rxc7 Bxc7 22.Ne4 f5
23.Ned2 Nxd5 24.Kf1 Bf4 25.Nc4 b5 26.axb5 axb5 27.Nce5 Rc3 28.Rd1 Nf6 29.Nd3 Bh6
30.Nd4 Bf8 31.b4 Rc4 32.Nxb5 Bxb4 33.Rc1 Rxc1+ 34.Nxc1 Bc5 35.f3 Nd5 36.Nd3 Bb6
37.Ke2 Ne3 38.g3 Nc4 39.Nc3 h5 40.Nd5 Bd8 41.Nc5 Nd6 42.Nd3 Ne8 43.Ne5 Nc7
44.Nf4 Bg5 45.Nfd3 Ne6 46.Kf2 Kg7 47.Kg2 Be3 48.Nc4 Bd4 49.Nd2 f4 50.Ne4 Be3
51.Nc3 fxg3 52.hxg3 Bg5 53.Ne4 Bd8 54.Nd6 Be7 55.Nc4 h4 56.gxh4 Bxh4 57.f4 Be7
58.Kf3 f5 59.Ke3 Kh6 60.Nde5 Kh5 61.Kf3 Bf8 62.Ne3 Bd6 63.Nd3 Nd4+ 64.Kg2 Kh4
65.Nc4 Bc7 66.Ne3 Bb8 67.Nd5 Kh5 68.Kh3 Ne6 69.Nf6+ Kh6 70.Nd5 Kg7  1/2-1/2

[Event "4th ch-Arab"]
[Site "Beirut LEB"]
[Date "2000.08.09"]
[Round "5"]
[White "Al Hadarani,H"]
[Black "Doghri,N"]
[Result "0-1"]
[WhiteElo "2374"]
[BlackElo "2342"]

1.d4 Nf6 2.Bg5 c5 3.Bxf6 gxf6 4.c3 cxd4 5.cxd4 f5 6.e3 Bg7 7.Bd3 d6 8.Nc3 Nc6
9.Qh5 e5 10.dxe5 Nxe5 11.Bc2 f4 12.h3 fxe3 13.f4 Ng6 14.g3 Bd7 15.Nge2 Rc8
16.O-O Rc5 17.f5 Bc6 18.Rad1 O-O 19.Be4 Re8 20.Bd5 Bxd5 21.Nxd5 Ne7 22.f6 Nxd5
23.Rxd5 Bxf6 24.Rdf5 Rxf5 25.Qxf5 Re6 26.h4 Qe7 27.Rc1 Be5 28.Rc8+ Kg7 29.h5 h6
30.Nf4 Bxf4 31.gxf4 e2 32.Qg4+ Qg5  0-1

[Event "FSIMA August"]
[Site "Budapest HUN"]
[Date "2000.08.09"]
[Round "5"]
[White "Ibanez Terradellas,E"]
[Black "Borisek,J"]
[Result "0-1"]
[WhiteElo "2289"]
[BlackElo "2089"]

1.d4 Nf6 2.Bg5 d5 3.Bxf6 exf6 4.e3 Bd6 5.c4 dxc4 6.Bxc4 O-O 7.Nc3 c6 8.Rc1 f5
9.Nf3 Nd7 10.O-O Nf6 11.Qc2 Qe7 12.Bd3 g6 13.Rfe1 Re8 14.h3 Bd7 15.Rcd1 Rad8
16.Bc4 Be6 17.b3 Bc8 18.Re2 Ne4 19.Nd2 Bb4 20.Ndb1 Qg5 21.Bd3 Qh4 22.f4 Qe7
23.Bxe4 fxe4 24.Nd2 f5 25.Nc4 Be6 26.Ne5 c5 27.dxc5 Rxd1+ 28.Nxd1 Bxc5 29.Kh2 Bb4
30.Nb2 Rc8 31.Qd1 Qc7 32.g4 Qc1 33.Kg3 Qxd1 34.Nxd1 Rc1 35.Nf2 b5 36.g5 a5
37.h4 Kg7 38.h5 gxh5 39.Kh4 Be1 40.Kg3 Kf8 41.Kg2 Ke7 42.Nh1 Kd6 43.Ng3 h4
44.Nh5 Bc3 45.Nf6 a4 46.bxa4 bxa4 47.Nxh7 Ra1 48.a3 Rxa3 49.g6 Ra2 50.Rxa2 Bxa2  0-1

[Event "Valoz Cup"]
[Site "Olomouc CZE"]
[Date "2000.08.09"]
[Round "10"]
[White "Kjartansson,G"]
[Black "Nyback,T"]
[Result "0-1"]
[WhiteElo "2248"]
[BlackElo "2162"]

1.d4 Nf6 2.Bg5 c5 3.d5 b5 4.Bxf6 gxf6 5.e4 a6 6.g3 d6 7.Bg2 f5 8.Ne2 Bg7
9.c3 fxe4 10.Bxe4 Nd7 11.O-O Nf6 12.Bg2 Bf5 13.Nf4 O-O 14.h4 Rb8 15.Nh5 Nxh5
16.Qxh5 Qd7 17.Qe2 b4 18.Qxa6 bxc3 19.Nxc3 Rxb2 20.Qa3 Rfb8 21.Rfe1 Bd4 22.Nd1 Rd2
23.Qc1 Rc2 24.Qg5+ Bg6 25.Rc1 Bf6 26.Qe3 Rxa2 27.Be4 Rb4 28.Qf3 Bxe4 29.Rxe4 Rxe4
30.Qxe4 Qa4 31.Qf5 Qa8 32.Ne3 Ra4 33.Kg2 Bg7 34.Nc4 e6 35.Qf3 Qxd5 36.Qxd5 exd5
37.Nb6 Rd4 38.Ra1 Bf6 39.Ra7 c4 40.Nc8 c3 41.Nxd6 c2 42.Ra8+ Kg7 43.Nf5+ Kg6
44.Nxd4 c1=Q 45.Rg8+ Bg7 46.h5+ Kf6  0-1

[Event "TCh-ESP"]
[Site "Barcelona ESP"]
[Date "2000.08.10"]
[Round "6"]
[White "Comas Fabrego,L"]
[Black "Martin Gonzalez,An"]
[Result "1/2-1/2"]
[WhiteElo "2516"]
[BlackElo "2411"]

1.d4 Nf6 2.Bg5 d5 3.Nc3 c5 4.Bxf6 gxf6 5.e3 h5 6.dxc5 e6 7.Bb5+ Bd7 8.Bxd7+ Nxd7
9.Nf3 Nxc5 10.O-O Qd7 11.Qd4 Be7 12.Rfe1 Rg8 13.Qh4  1/2-1/2

[Event "FSIMA August"]
[Site "Budapest HUN"]
[Date "2000.08.11"]
[Round "7"]
[White "Ibanez Terradellas,E"]
[Black "Borocz,I"]
[Result "1/2-1/2"]
[WhiteElo "2289"]
[BlackElo "2347"]

1.d4 Nf6 2.Bg5 c5 3.Nc3 cxd4 4.Qxd4 Nc6 5.Qh4 Qa5 6.O-O-O b5 7.Kb1 Rb8 8.Bxf6 gxf6
9.e4 Ne5 10.Rd5 Rg8 11.f4 Nc6 12.Rxb5 Rxb5 13.Bxb5 Nd4 14.Bf1 e6 15.Qxf6 Qb6
16.Na4 Qd6 17.Ne2 Bg7 18.Qg5 Nxe2 19.Bxe2 Qb4 20.Qc5 Qxc5 21.Nxc5 Bf8 22.Nd3 Rxg2
23.Bf3 Rg6 24.Kc1 Bh6 25.Kd1 Bb7 26.Rf1 Ba6 27.f5 Rf6 28.Bg4 Bxd3 29.cxd3 e5
30.Rf2 Be3 31.Rc2 Bd4 32.Ke2 Ke7 33.Kf3 Rd6 34.Kg2 Bb6 35.Be2 Kd8 36.Kg3 Bd4
37.Bh5 f6 38.Bf7 Rb6 39.b3 Rc6 40.Rxc6 dxc6  1/2-1/2

[Event "TCh-ESP"]
[Site "Barcelona ESP"]
[Date "2000.08.12"]
[Round "8"]
[White "Gonzalez Velez,F"]
[Black "Moreno,J"]
[Result "1/2-1/2"]
[WhiteElo "2375"]
[BlackElo "2515"]

1.d4 Nf6 2.Bg5 c5 3.d5 Ne4 4.h4 Nxg5 5.hxg5 d6 6.Qd3 Qa5+ 7.Nd2 g6 8.c3 Bg7
9.e4 Nd7 10.f4 a6 11.Nc4 Qc7  1/2-1/2

[Event "4th ch-Arab"]
[Site "Beirut LEB"]
[Date "2000.08.12"]
[Round "7"]
[White "Bouaziz,S"]
[Black "Al Modiahki,M"]
[Result "1/2-1/2"]
[WhiteElo "2383"]
[BlackElo "2499"]

1.d4 Nf6 2.Bg5 d5 3.c4 Ne4 4.Be3 e6 5.cxd5 exd5 6.Nd2 Nc6 7.Ngf3 Bg4 8.a3 Be7
9.g3 O-O 10.Bg2 Bf6 11.Nb3 Nd6 12.O-O Nf5 13.Qd2 Re8 14.Rac1 Nxe3 15.fxe3 Qd6
16.Rc3 Ne7 17.Nc5 Rab8 18.e4 dxe4 19.Nxe4 Qb6 20.Nxf6+ gxf6  1/2-1/2

[Event "TCh-ESP"]
[Site "Barcelona ESP"]
[Date "2000.08.13"]
[Round "9"]
[White "Sargissian,G"]
[Black "Dimitrov,V"]
[Result "1-0"]
[WhiteElo "2474"]
[BlackElo "2499"]

1.d4 Nf6 2.Bg5 c5 3.Bxf6 gxf6 4.d5 Qb6 5.Qc1 f5 6.g3 Bg7 7.c3 d6 8.Bg2 Nd7
9.Nd2 Nf6 10.Nh3 Qa6 11.Qc2 Bd7 12.Nf4 e5 13.dxe6 fxe6 14.O-O Bh6 15.e3 O-O
16.Qb3 Rab8 17.a4 d5 18.c4 Ne4 19.Rfd1 Bxf4 20.Nxe4 fxe4 21.gxf4 Bc6 22.cxd5 exd5
23.Rxd5 Bxd5 24.Qxd5+ Kh8 25.Bxe4 Rg8+ 26.Kh1 Rg7 27.Qe5 Rg8 28.Rg1 Qc4 29.h4 Qe2
30.Rg2  1-0